Statistics for Falling Down by Muse lyrics

Click here to take the quiz!

General Stats

  • This quiz has been taken 4 times
  • The average score is 139 of 165

Answer Stats

Answers% Correct
already
100%
begin
100%
burning
100%
down
100%
Falling
100%
falling
100%
Five
100%
for
100%
found
100%
hear
100%
houses
100%
I
100%
I'm
100%
it
100%
late
100%
let
100%
looking
100%
me
100%
No
100%
No,
100%
Now
100%
one
100%
people
100%
scream
100%
sing
100%
the
100%
thousand
100%
Too
100%
was
100%
wasn't
100%
what
100%
would
100%
wouldn't
100%
you
100%
You
100%
your
100%
And
67%
begging
67%
calling
67%
could
67%
dream
67%
fifteen
67%
gonna
67%
here
67%
in
67%
is
67%
know
67%
name
67%
never
67%
save
67%
They
67%
this
67%
town
67%
will
67%
all
33%
away
33%
But
33%
'Cause
33%
clouds
33%
crawling
33%
forget
33%
heading
33%
heart
33%
not
33%
straight
33%
two
33%
upside
33%
were
33%
world
33%
broke
0%
my
0%
see
0%
So
0%
through
0%

Score Distribution

Percentile by Number Answered

Percent of People with Each Score

Your Score History

You have not taken this quiz